La negociación del incremento de las retribuciones de los funcionarios (a propósito de la sentencia de la Audiencia Nacional de 7 de noviembre de 2000) (Registro nro. 32418)
[ vista simple ]
| 000 -CABECERA | |
|---|---|
| Longitud fija campo de control | 01039naa a2200289 c 4500 |
| 001 - NÚMERO DE CONTROL | |
| Número de control | 32418 |
| 003 - IDENTIFICADOR DE NÚMERO DE CONTROL | |
| Identificador del número de control | ES-MaCES |
| 005 - FECHA Y HORA DE LA ÚLTIMA TRANSACCIÓN | |
| Fecha y hora de la última transacción | 20141221114124.0 |
| 008 - CAMPO FIJO DE DESCRIPCIÓN FIJA--INFORMACIÓN GENERAL | |
| Códigos de información de longitud fija | 011016n2001 sp ||0 | spa d |
| 035 ## - NÚMERO DE CONTROL DEL SISTEMA | |
| Número de control del sistema | CES20010004385v |
| 040 ## - FUENTE DE CATALOGACIÓN | |
| Centro catalogador de origen | ES-MaCES |
| Lengua de catalogación | spa |
| Centro transcriptor | ES-MaCES |
| 100 1# - ENCABEZAMIENTO PRINCIPAL--NOMBRE PERSONAL | |
| Nombre de persona | Roqueta Buj, Remedios |
| 9 (RLIN) | 22614 |
| 245 13 - MENCIÓN DE TÍTULO | |
| Título | La negociación del incremento de las retribuciones de los funcionarios (a propósito de la sentencia de la Audiencia Nacional de 7 de noviembre de 2000) |
| Mención de responsabilidad, etc. | Remedios Roqueta Buj |
| 500 ## - NOTA GENERAL | |
| Nota general | Índice |
| 650 #4 - ASIENTO SECUNDARIO DE MATERIA--TÉRMINO DE MATERIA | |
| Término de materia o nombre geográfico como elemento inicial | sentencia judicial |
| 9 (RLIN) | 29888 |
| 650 #4 - ASIENTO SECUNDARIO DE MATERIA--TÉRMINO DE MATERIA | |
| Término de materia o nombre geográfico como elemento inicial | España |
| 9 (RLIN) | 26964 |
| 650 #4 - ASIENTO SECUNDARIO DE MATERIA--TÉRMINO DE MATERIA | |
| Término de materia o nombre geográfico como elemento inicial | tribunal |
| 9 (RLIN) | 29460 |
| 650 #4 - ASIENTO SECUNDARIO DE MATERIA--TÉRMINO DE MATERIA | |
| Término de materia o nombre geográfico como elemento inicial | convenio colectivo |
| 9 (RLIN) | 28361 |
| 650 #4 - ASIENTO SECUNDARIO DE MATERIA--TÉRMINO DE MATERIA | |
| Término de materia o nombre geográfico como elemento inicial | salario |
| 9 (RLIN) | 28387 |
| 650 #4 - ASIENTO SECUNDARIO DE MATERIA--TÉRMINO DE MATERIA | |
| Término de materia o nombre geográfico como elemento inicial | funcionario |
| 9 (RLIN) | 27224 |
| 650 #4 - ASIENTO SECUNDARIO DE MATERIA--TÉRMINO DE MATERIA | |
| Término de materia o nombre geográfico como elemento inicial | función pública |
| 9 (RLIN) | 27225 |
| 653 10 - TÉRMINO DE INDEXACIÓN--NO CONTROLADO | |
| Término no controlado | Relaciones laborales-Empleo |
| 773 0# - ENTRADA DE DOCUMENTO FUENTE | |
| Título | Justicia laboral |
| Parte(s) relacionada(s) | n. 6 (mayo 2001){55/866 R. 043747}; p. 39-75 |
| Número de control del registro relacionado | (ES-MaCES)25844 |
| Itemnumber del ítem fuente | 75424 |
| 902 ## - CES. TIPO DE DOCUMENTO | |
| Tipodoc (006$c Sirtex) | ART Artículo de revista |
| 942 ## - ELEMENTOS KOHA | |
| Fuente de clasificaión o esquema | Clasificación propia del CES |
| Koha [por defecto] tipo de item | Artículos (1982-2017) |
| Parte de clasificación | 2.0. |
No hay ítems disponibles.
